Telovýchova na málotriedke v zime a za nepriaznivého počasia

Bibliographic Details
Main Author: Horváth, Gustáv (Author)
Format: Book
Language:Slovak
PhysicalDescription:72 s. ilustrácie, noty 23 cm
Published: Praha Prešov Čsl. Graf. Unia 1937 [správne 1936]
Subjects:

MARC

LEADER 00000cam a2200000 a 4500
001 vtls008374235
003 SK-MaSNL
005 20260301123438.0
008 250313q1937 xr ag g 000 0 slo
015 |a SNBA19191938-003602 
035 |a SK01SNKBSKHR20010066452 
035 |a urn:nbn:sk:snk-am3hl0i 
035 |a 7580BD18-D346-42D5-8582-0ED5D44EAAB5 
035 |a urn:nbn:sk:snk-am00d43d 
035 |a SKM000068915 
040 |a SNK  |b slo  |c SNK  |e AACR2 
041 0 |a slo 
044 |a xr  |c CZ  |a xo  |c SK 
080 |a 796(075)  |2 1981 
080 |a 372(075)  |2 1981 
080 |a 78  |2 1981 
100 1 |a Horváth, Gustáv  |4 aut  |9 470416 
245 1 0 |a Telovýchova na málotriedke  |b v zime a za nepriaznivého počasia  |c Napísal Gustáv Horváth 
260 |a Praha  |a Prešov  |b Čsl. Graf. Unia  |c 1937 [správne 1936]  |e Praha  |e Prešov  |f Čsl. Graf. Unia 
300 |a 72 s.  |b ilustrácie, noty  |c 23 cm 
500 |a Notované piesne 
504 |a Pramene a lit. 
650 0 7 |a telesná výchova  |2 SNKPH  |9 708 
655 7 |a príručky  |2 SNKPH  |9 74364 
852 |a Slovenská národná knižnica 
954 |a odborná, vedecká literatúra pôvodná (slovenská)  |2 lita 
958 |a NB 
958 |a TL 
958 |a OND 
999 |c 736248  |d 738178 
952 |a SNK  |b SNK  |y VYP  |7 0  |p 17A1546140  |o snkSC 2703 D1  |i snkKSF 350/59  |8 5  |0 0  |1 0  |4 0  |d 2024-04-09  |l 0  |r 2026-02-23 22:44:50  |w 2026-02-23 
952 |a SNK  |b SNK  |y PREZ  |7 0  |p 17A0753824  |o snkSC 2703  |i snk263/40  |0 0  |1 0  |4 0  |d 2018-07-12  |f 1  |l 0  |r 2025-06-17 00:00:00  |w 2026-02-23